Daty Bliski Wschód - Statystyki

Ogólne statystyki
  • Ten quiz został rozwiązany 33 razy
    13 od ostatniego zresetowania
  • Średni wynik to 11 z 20
Statystyki odpowiedzi
Hint Odpowiedź % Poprawnych
Dżemet Nasr 3000-2800
83%
Wczesnodynastyczny 3100-2675
67%
Uruk 3700-3000
67%
Epoka późna 1085-332
50%
Nowobabiloński 1157-626
50%
Nowe Państwo 1565-1085
50%
Średniobabiloński 1595-1157
50%
Średnie Państwo 2000-1760
50%
Starobabiloński 2005-1595
50%
Neosumeryjski 2120-2005
50%
Gutejski 2210-2120
50%
Staroakadyjski 2350-2210
50%
WD III 2500-2350
50%
Stare Państwo 2675-2170
50%
WD II 2675-2500
50%
WD I 2800-2675
50%
Chaldejski 626-539
50%
Nowoasyryjski 935-612
50%
Średnioasyryjski XVI-935
50%
Staroasyryjski XX-XVII
50%
Nie znaleziono quizów pasujących do podanych kryteriów
Rozkład punktacji
Procent ludzi z każdym wynikiem
Percentyl według liczby udzielonych odpowiedzi
Twoja historia wyników
Nie rozwiązałeś tego quizu od ostatniego zresetowania